000 01193nam a2200277Ia 4500
003 OSt
005 20221005105138.0
006 a|||||r|||| 00| 0
007 ta
008 221004b |||||||| |||| 00| 0 hin d
020 _a8179751627 (hbk)
_c400
024 _a100188
037 _b398, 22/03/2010, Swaraj Prakashan
_cTextual
040 _aCRL
_cCRL
_bhin
041 _2hin
_ahin
082 _aO152vN, P7
100 _aपारख, जवरीमल्ल
245 0 _aआधुनिक हिन्दी साहित्य
_b मूल्यांकन और पुनर्मूल्यांकन
246 _aĀdhunik hindī sāhitya: mūlyāankan aur punarmūlyāankana
260 _aनई दिल्ली
_bअनामिका पब्लिशर्स एंड डिस्ट्रीब्यूटर्स प्रा. लि. भारत
_c2007
300 _a248पृ0
_ccm.
650 _a हिन्दी साहित्य
650 _aहिन्दी साहित्य
942 _hO152vN, P7
_cTEXL
_2cc
999 _c1014915
_d1014915